000 00689nam a2200253Ia 4500
003 OSt
005 20221007074250.0
006 a|||||r|||| 00| 0
007 ta
008 221006b |||||||| |||| 00| 0 eng d
024 _a21,693
037 _cTextual
040 _aFLL
_cFLL
_beng
041 _2eng
_aeng
082 _aZ2;805, H9.2
100 _aChitaley V. V.
245 0 _aCode of criminal procedure (v of 1898)
250 _a4th
260 _aNagpur
_bAll India Reporter Ltd. India
_c1949
300 _axii,2526,iii
_ccm.
700 _a Rao S. Appu
_9684036
942 _hZ2;805, H9.2
_cTEXL
_2CC
999 _c1151746
_d1151746